Szczegóły MARC21

Filozofia i myśl społeczna XIII-XV wieku /

003 -Nazwa inst., której nr kontr. jest w polu 001 [,]
    • @
    • Nazwa instytucji, której n kontrolny jest w polu 001
    • NUKAT
005 -DATA I CZAS OSTATNIEJ MODYFIKACJI [,]
    • @
    • pole kontrolne
    • 20250902115851.0
040 -Instytucja sporządzająca opis [ , ]
    • a
    • Instytucja, która sporządziła opis (NP)
    • TOR U/AP
    • b
    • Język katalogowania
    • pol
    • e
    • Zasady katalogowania
    • rda
    • c
    • Instytucja, która sporządziła rekord (NP)
    • TOR U/AP
    • d
    • Instytucja, która zmodyfikowała rekord (P)
    • TOR U/AP
    • d
    • Instytucja, która zmodyfikowała rekord (P)
    • LUBL U/MZs
    • d
    • Instytucja, która zmodyfikowała rekord (P)
    • WA 004/ZW
    • d
    • Instytucja, która zmodyfikowała rekord (P)
    • SIEDL 001/BL
    • d
    • Instytucja, która zmodyfikowała rekord (P)
    • WA 004/ZW
    • d
    • Instytucja, która zmodyfikowała rekord (P)
    • WA 829/JF
    • d
    • Instytucja, która zmodyfikowała rekord (P)
    • WA 325/JK
942 -Rodzaj dokumentu [ , ]
    • c
    • Rodzaj dokumentu
    • Książka
245 -Strefa tytułu i oznaczenia odpowiedzialności [0,0]
    • a
    • Tytuł
    • Filozofia i myśl społeczna XIII-XV wieku / Find
    • c
    • Pozostałe elementy strefy tytułu i oznaczenia odpowiedzialności (NP)
    • wybrał, opracował, wstępem i przypisami opatrzył Juliusz Domański ; słowo wstępne napisał Władysław Tatarkiewicz.
260 -Strefa adresu wydawniczego [ , ]
    • a
    • Miejsce wydania (P)
    • Warszawa :
    • b
    • Nazwa wydawcy (P)
    • Państwowe Wydawnictwo Naukowe,
    • c
    • Data wydania (P)
    • 1978.
300 -Strefa opisu fizycznego [ , ]
    • a
    • Określenie formy książki i/lub objętość (NP)
    • [591] stron :
    • b
    • Oznaczenie ilustracji (NP)
    • ilustracje ;
    • c
    • Format (NP)
    • 25 cm.
336 -Typ zawartości [ , ]
    • a
    • Termin opisujący typ zawartości
    • Tekst
    • b
    • Kod określający zawartość
    • txt
    • 2
    • Źródło (terminu i kodu)
    • rdacontent
337 -Typ mediów [ , ]
    • a
    • Tryb odtwarzania
    • Bez urządzenia pośredniczącego
    • b
    • Kod typu mediów
    • n
    • 2
    • Źródło (terminu i kodu)
    • rdamedia
338 -Typ/rodzaj nośnika [ , ]
    • a
    • Hasło opisujące typ nośnika
    • Wolumin
    • b
    • Kod typu nośnika
    • nc
    • 2
    • Źródło (terminu i kodu)
    • rdacarrier
380 -Deskryptor - Forma dzieła (P) [ , ]
    • a
    • forma dzieła (NP)
    • Książki
380 -Deskryptor - Forma dzieła (P) [ , ]
    • a
    • forma dzieła (NP)
    • Publikacje naukowe
388 -Deskryptor - czas powstania dzieła (P) [1, ]
    • a
    • Czas powstania dzieła (NP)
    • 1201-1300
388 -Deskryptor - czas powstania dzieła (P) [1, ]
    • a
    • Czas powstania dzieła (NP)
    • 1301-1400
388 -Deskryptor - czas powstania dzieła (P) [1, ]
    • a
    • Czas powstania dzieła (NP)
    • 1401-1500
388 -Deskryptor - czas powstania dzieła (P) [2, ]
    • a
    • Czas powstania dzieła (NP)
    • 1901-2000
388 -Deskryptor - czas powstania dzieła (P) [2, ]
    • a
    • Czas powstania dzieła (NP)
    • 1945-1989
490 -Strefa serii i książki wielotomowej - forma nie do wyszukiwania [1, ]
    • a
    • Tytuł (P)
    • Z Prac Zakładu Historii Polskiej Filozofii Nowożytnej Instytutu Filozofii i Socjologii Polskiej Akademii Nauk Find
490 -Strefa serii i książki wielotomowej - forma nie do wyszukiwania [1, ]
    • a
    • Tytuł (P)
    • 700 Lat Myśli Polskiej Find
830 -Hasło dodatkowe serii i opisu książki wielotomowej - tytuł ujednolicony/tytuł [ ,0]
    • a
    • Tytuł ujednolicony/tytuł (NP)
    • Z Prac Zakładu Historii Polskiej Filozofii Nowożytnej
    • 9
    • KHW
    • 93796
830 -Hasło dodatkowe serii i opisu książki wielotomowej - tytuł ujednolicony/tytuł [ ,0]
    • a
    • Tytuł ujednolicony/tytuł (NP)
    • 700 Lat Myśli Polskiej
    • 9
    • KHW
    • 93795
500 -Uwaga ogólna [ , ]
    • a
    • Uwaga ogólna (NP)
    • Wiele liczbowań.
504 -Uwaga dot. bibliogr. załącznikowej [ , ]
    • a
    • Uwaga dot. bibliografii załącznikowej
    • Indeks.
648 -Hasło przedmiotowe - chronologia [ ,7]
    • a
    • Deskryptor chronologiczny
    • 1201-1300
    • 2
    • Źródło terminu
    • DBN
    • 9
    • KHW
    • 722282
648 -Hasło przedmiotowe - chronologia [ ,7]
    • a
    • Deskryptor chronologiczny
    • 1301-1400
    • 2
    • Źródło terminu
    • DBN
    • 9
    • KHW
    • 721624
648 -Hasło przedmiotowe - chronologia [ ,7]
    • a
    • Deskryptor chronologiczny
    • 1401-1500
    • 2
    • Źródło terminu
    • DBN
    • 9
    • KHW
    • 720981
650 -Hasło przedmiotowe [ ,7]
    • a
    • Hasło przedmiotowe
    • Etyka
    • 2
    • Źródło terminu
    • DBN
    • 9
    • KHW
    • 721962
650 -Hasło przedmiotowe [ ,7]
    • a
    • Hasło przedmiotowe
    • Filozofia przyrody
    • 2
    • Źródło terminu
    • DBN
    • 9
    • KHW
    • 726768
650 -Hasło przedmiotowe [ ,7]
    • a
    • Hasło przedmiotowe
    • Filozofia społeczna
    • 2
    • Źródło terminu
    • DBN
    • 9
    • KHW
    • 724019
650 -Hasło przedmiotowe [ ,7]
    • a
    • Hasło przedmiotowe
    • Filozofowie
    • 2
    • Źródło terminu
    • DBN
    • 9
    • KHW
    • 722966
650 -Hasło przedmiotowe [ ,7]
    • a
    • Hasło przedmiotowe
    • Humanizm (prąd)
    • 2
    • Źródło terminu
    • DBN
    • 9
    • KHW
    • 724731
650 -Hasło przedmiotowe [ ,7]
    • a
    • Hasło przedmiotowe
    • Metafizyka
    • 2
    • Źródło terminu
    • DBN
    • 9
    • KHW
    • 722720
650 -Hasło przedmiotowe [ ,7]
    • a
    • Hasło przedmiotowe
    • Scholastyka
    • 2
    • Źródło terminu
    • DBN
    • 9
    • KHW
    • 723351
650 -Hasło przedmiotowe [ ,7]
    • a
    • Hasło przedmiotowe
    • Średniowiecze
    • 2
    • Źródło terminu
    • DBN
    • 9
    • KHW
    • 722226
650 -Hasło przedmiotowe [ ,7]
    • a
    • Hasło przedmiotowe
    • Teologia
    • 2
    • Źródło terminu
    • DBN
    • 9
    • KHW
    • 730166
650 -Hasło przedmiotowe [ ,7]
    • a
    • Hasło przedmiotowe
    • Wiedza
    • 2
    • Źródło terminu
    • DBN
    • 9
    • KHW
    • 725866
650 -Hasło przedmiotowe [ ,7]
    • a
    • Hasło przedmiotowe
    • Filozofia
    • z
    • Określnik geograficzny
    • Polska
    • y
    • Określnik chronologiczny
    • 13 w.
    • 2
    • Źródło terminu
    • kaba
    • 9
    • KHW
    • 359267
650 -Hasło przedmiotowe [ ,7]
    • a
    • Hasło przedmiotowe
    • Filozofia
    • z
    • Określnik geograficzny
    • Polska
    • y
    • Określnik chronologiczny
    • 14 w.
    • 2
    • Źródło terminu
    • kaba
    • 9
    • KHW
    • 359268
650 -Hasło przedmiotowe [ ,7]
    • a
    • Hasło przedmiotowe
    • Filozofia
    • z
    • Określnik geograficzny
    • Polska
    • y
    • Określnik chronologiczny
    • 15 w.
    • x
    • Określnik rzeczowy
    • antologie.
    • 2
    • Źródło terminu
    • kaba
    • 9
    • KHW
    • 359269
650 -Hasło przedmiotowe [ ,7]
    • a
    • Hasło przedmiotowe
    • Filozofia średniowieczna
    • x
    • Określnik rzeczowy
    • antologie.
    • 2
    • Źródło terminu
    • kaba
    • 9
    • KHW
    • 359265
650 -Hasło przedmiotowe [ ,7]
    • a
    • Hasło przedmiotowe
    • Filozofia przyrody
    • x
    • Określnik rzeczowy
    • antologie.
    • 2
    • Źródło terminu
    • kaba
    • 9
    • KHW
    • 359266
650 -Hasło przedmiotowe [ ,7]
    • a
    • Hasło przedmiotowe
    • Filozofia społeczna
    • x
    • Określnik rzeczowy
    • antologie.
    • 2
    • Źródło terminu
    • kaba
    • 9
    • KHW
    • 359270
651 -Hasło przedmiotowe w formie nazwy geograficznej [ ,7]
    • a
    • Nazwa geograficzna
    • Polska
    • 2
    • Źródło terminu
    • DBN
    • 9
    • KHW
    • 721438
655 -Hasło w funkcji tematu formalnego [ ,7]
    • a
    • Hasło
    • Antologia
    • 2
    • Źródło terminu
    • DBN
    • 9
    • KHW
    • 721472
658 -Ujęcie treści [ , ]
    • a
    • dziedzina nauki i sztuki/ sfera aktywności życiowej
    • Filozofia i etyka
700 -Hasło dodatkowe - nazwa osobowa [1, ]
    • a
    • Nazwa osobowa (NP)
    • Domański, Juliusz Find
    • d
    • Daty biograficzne (NP)
    • (1927- ).
    • e
    • Określenie rodzaju współpracy
    • Opracowanie
    • e
    • Określenie rodzaju współpracy
    • Przypisy
    • e
    • Określenie rodzaju współpracy
    • Wstęp
    • e
    • Określenie rodzaju współpracy
    • Wybór
    • 9
    • KHW
    • 76474
700 -Hasło dodatkowe - nazwa osobowa [1, ]
    • a
    • Nazwa osobowa (NP)
    • Tatarkiewicz, Władysław Find
    • d
    • Daty biograficzne (NP)
    • (1886-1980).
    • e
    • Określenie rodzaju współpracy
    • Wstęp
    • 9
    • KHW
    • 7627
710 -Hasło dodatkowe - nazwa ciała zbiorowego [2, ]
    • a
    • Nazwa ciała zbiorowego lub nazwa geograficzna jako pierwszy element (NP)
    • Państwowe Wydawnictwo Naukowe (1951-1992).
    • e
    • Rodzaj współpracy
    • Wydawca
    • 4
    • Kod relacji
    • pbl
    • 9
    • KHW
    • 52048
Status udost. Numer inwentarzowy Sygnatura Data inwentaryzacji Lokalizacja
1E.47837  BE
-3W.75413W.691531995-01-17BG
-3W.75415W.691531995-01-17BG
2W.75416W.691531995-01-17BG
-3W.75414W.691531995-01-17BG
-3W.75417W.691531995-01-17BG
-3W.75418W.691531995-01-17BG
-3W.75419W.691531995-01-17BG
-3W.75420W.691531995-01-17BG
2Z.33597Z.306391995-01-17BG
1Q.1744 2019-06-10BM
1P.1620 1995-01-17BM
1ANS.1346561.2/F-52 BNS
1F.7498  BNS
-3H.13835 2005-08-29BNS
1SA.304SA.3041995-01-17BSA